01662cam a22004338i 450000100090000000300050000900500170001400600190003100700150005000800410006502000220010603500260012804000320015405000130018606000120019908200170021113000320022821000190026024501070027925000190038626300090040530000110041449000370042550000200046250000780048250600430056065000470060365000340065070000340068470000500071870000410076877300580080983000440086785601410091191000310105294200120108399900190109595201140111411674497ASAB20180827062645.0m d cr n 140602s2014 pau s 001 0 eng d a978-93-5129-324-8 a(WaSeSS)ssj0001575318 aDNLM/DLCcASABerdadWaSeSS 4aRM301.1410aQV 18.200a615.10762230 aPharmacology (Whalen)9198110aPharmacology /10aPharmacology /c[edited by] Karen Whalen ; collaborating editors, Richard Finkel, Thomas A. Panavelil. aSixth edition. a1406 a670 P.1 aLippincott's illustrated reviews aIncludes index. aPreceded by Pharmacology / Michelle A. Clark ... [et al.]. 5th ed. c2012. aLicense restrictions may limit access.12aPharmacologyvExamination Questions.9198212aPharmacologyvOutlines.919831 aWhalen, Karen,eeditor.919841 aFinkel, Richardq(Richard S.),eeditor.919851 aPanavelil, Thomas A.,eeditor.91986 0tLWW Health Library - Premium Basic Science Collection 0aLippincott's illustrated reviews.9198740uhttp://www.columbia.edu/cgi-bin/cul/resolve?clio11674497zFull text available from LWW Health Library - Premium Basic Science Collection aLibrary of Congress record 2ddccBK c480150d480150 00102ddc40708NFICaASABbASABd2016-06-23l1o615.1 WHApASAB3370r2017-06-12s2017-03-07w2016-06-23yBK